Economic Reasons for Non-effective Automatic Exchange of Information for Tax Purposes

Medzinárodne prijaté kritériá na výmenu informácií pre daňové účely. Iniciatíva OECD, Európskej únie. Ekonomické príčiny ne-kooperácie zo strany USA. Americká platobná bilancia. Úrokové miery, finančné trhy a náklady na financovanie verejného dlhu v USA. Konkurencia iných krajín v príleve zahraničný...

Description complète

Enregistré dans:
Détails bibliographiques
Auteur principal: Kubicová, Jana, 1961-
Autres auteurs: Hauptman, Lidija
Format: Chapitre de livre
Langue:anglais
Sujets:
Tags: Ajouter un tag
Pas de tags, Soyez le premier à ajouter un tag!

MARC

LEADER 00000naa$a2200000$$$4500
001 0101056
005 20240502083245.6
041 0 |a eng 
044 |a SI 
245 1 0 |a Economic Reasons for Non-effective Automatic Exchange of Information for Tax Purposes  |c Jana Kubicová, Lidija Hauptman 
520 |a Medzinárodne prijaté kritériá na výmenu informácií pre daňové účely. Iniciatíva OECD, Európskej únie. Ekonomické príčiny ne-kooperácie zo strany USA. Americká platobná bilancia. Úrokové miery, finančné trhy a náklady na financovanie verejného dlhu v USA. Konkurencia iných krajín v príleve zahraničných úspor. 
610 2 0 |a informácie 
610 2 0 |a výmena informácií 
610 2 0 |a dane 
610 2 0 |a OECD 
610 2 0 |a Európska únia 
610 2 0 |a USA 
610 2 0 |a bilancia platobná 
610 2 0 |a trh finančný 
610 2 0 |a miera úroková 
610 2 0 |a dlhy verejné 
100 1 |a Kubicová, Jana, 1961- 
700 1 |a Hauptman, Lidija